| 000 | 01194nam1a22002411i 4500 | ||
|---|---|---|---|
| 001 | rc\566321 | ||
| 005 | 20260426030849.0 | ||
| 035 | _a(NLR Aleph) 005813967 | ||
| 090 |
_a5412190 _c5412190 |
||
| 100 | _a20030616d19879999u |0rusy50 ca | ||
| 101 | 0 | _arus | |
| 102 | _aRU | ||
| 105 | _ay ||||||||| | ||
| 200 | 1 |
_aНаучное обеспечение работ по землеустройству и земельному кадастру _e(Тез. докл. на всесоюз. семинаре, 1-3 июня 1987 г.) _f[Ред.-изд. совет: С.И. Носов (пред.) и др.] |
|
| 210 |
_aМ. _cГИЗР _d1987- |
||
| 215 | _d21 | ||
| 300 | _aВ надзаг.: Гос. агропром. ком. СССР, Подотдел землепользования и землеустройства, Гос. НИИ земел. ресурсов, ВДНХ СССР, Центр. правл. НТО сел. хоз-ва | ||
| 702 | 1 |
_aНосов _bС.И. _gСерафим Иванович _4340 |
|
| 712 | 0 | 2 |
_aНИИ земельных ресурсов _cМытищи _3RU\NLR\AUTH\889920198 _9336614 |
| 801 | 0 |
_aRU _bNLR _gpsbo |
|
| 801 | 1 |
_aRU _bELAR _2rusmarc |
|
| 852 |
_aNLR _j87-3/8271 |
||
| 942 | _cBOOK | ||